Sự cân bằng nhu cầu lương thực thế giới và sự tác động của nhu cầu lương thực tai khu vực Châu Á /
Zapisane w:
| 1. autor: | |
|---|---|
| Format: | Artykuł |
| Język: | Vietnamese |
| Hasła przedmiotowe: | |
| Etykiety: |
Dodaj etykietę
Nie ma etykietki, Dołącz pierwszą etykiete!
|
| Thư viện lưu trữ: | Thư viện Trường Đại học Đà Lạt |
|---|
| LEADER | 00996nam a2200337 4500 | ||
|---|---|---|---|
| 001 | DLU040026764 | ||
| 040 | # | # | |a DLU |b vie |
| 041 | # | # | |a vie |
| 044 | # | # | |a vn |
| 100 | # | # | |a Hideaki, Abe |
| 245 | # | # | |a Sự cân bằng nhu cầu lương thực thế giới và sự tác động của nhu cầu lương thực tai khu vực Châu Á / |c Abe Hideaki |
| 651 | # | # | |a Trung Quốc |
| 651 | # | # | |a Việt Nam |
| 653 | # | # | |a Cung và cầu |
| 653 | # | # | |a Hội thảo |
| 653 | # | # | |a Khoa học |
| 653 | # | # | |a Lương thực |
| 653 | # | # | |a Nông nghiệp |
| 653 | # | # | |a Quốc tế |
| 653 | # | # | |a Thống kê kinh tế |
| 773 | # | # | |a Tạp chí Khoa học Xã hội |g Số 1(59) - 2003, tr. 54 – 60 |
| 920 | # | # | |a Phòng Tạp chí -- Trung tâm Thông tin - Thư viện Trường Đại học Đà Lạt |
| 933 | # | # | |a NL |
| 994 | # | # | |a DLU |
| 900 | # | # | |a True |
| 911 | # | # | |a Nguyễn Năng Hải |
| 925 | # | # | |a G |
| 926 | # | # | |a A |
| 927 | # | # | |a BB |
| 980 | # | # | |a Thư viện Trường Đại học Đà Lạt |